The Great Ascent : The struggle for economic development in our time
Sparad:
| Huvudupphovsman: | |
|---|---|
| Materialtyp: | Bok |
| Språk: | Undetermined |
| Publicerad: |
New York
Harper & Row
1963
|
| Ämnen: | |
| Taggar: |
Lägg till en tagg
Inga taggar, Lägg till första taggen!
|
| Thư viện lưu trữ: | Trung tâm Học liệu Trường Đại học Cần Thơ |
|---|
| LEADER | 00544nam a2200193Ia 4500 | ||
|---|---|---|---|
| 001 | CTU_81348 | ||
| 008 | 210402s9999 xx 000 0 und d | ||
| 082 | |a 338.9 | ||
| 082 | |b H466 | ||
| 100 | |a Heilbroner, Robert L. | ||
| 245 | 4 | |a The Great Ascent : | |
| 245 | 4 | |b The struggle for economic development in our time | |
| 245 | 0 | |c Robert L. Heilbroner | |
| 260 | |a New York | ||
| 260 | |b Harper & Row | ||
| 260 | |c 1963 | ||
| 650 | |a Conomic development | ||
| 904 | |i Trọng Hải | ||
| 980 | |a Trung tâm Học liệu Trường Đại học Cần Thơ | ||